[Event "7th ch-Euro"]
[Site "Kusadasi TUR"]
[Date "2006.04.14"]
[Round "10"]
[White "Bartel,Mat"]
[Black "Steingrimsson,H"]
[Result "1-0"]
[WhiteElo "2524"]
[BlackElo "2439"]

1.d4 d5 2.Nf3 Nf6 3.c4 c6 4.Nc3 e6 5.e3 Nbd7 6.Qc2 Bd6 7.g4 dxc4 8.Bxc4 e5
9.Bd2 O-O 10.O-O-O exd4 11.Nxd4 Ne5 12.Be2 Nexg4 13.Rhg1 Re8 14.Nf5 Bxf5
15.Qxf5 Re5 16.Qf3 Rg5 17.h4 Ne5 18.Qh3 Rxg1 19.Rxg1 Qd7 20.Qg2 Bf8 21.e4 Nd3+
22.Kb1 Qd6 23.Qf3 Ne5 24.Qe3 Rd8 25.Bc1 Qc5 26.Qg3 Nc4 27.Qg5 Rd4 28.Bxc4 Qxc4
29.Qxf6 b5 30.Bh6 g6 31.Bxf8 Kxf8 32.Qh8+ Ke7 33.Qe5+ Kf8 34.Rc1 Qd3+ 35.Ka1 b4
36.Nd5 Kg8 37.Ne7+  1-0

[Event "7th ch-Euro"]
[Site "Kusadasi TUR"]
[Date "2006.04.14"]
[Round "10"]
[White "Malakhatko,V"]
[Black "Pelletier,Y"]
[Result "1/2-1/2"]
[WhiteElo "2556"]
[BlackElo "2579"]

1.d4 d5 2.c4 c6 3.Nc3 Nf6 4.e3 e6 5.Nf3 Nbd7 6.Bd3 dxc4 7.Bxc4 b5 8.Bd3 a6
9.e4 c5 10.d5 c4 11.Bc2 Qc7 12.O-O Bc5 13.Qe2 e5 14.Bd2 O-O 15.b4 Be7 16.a4 Rb8
17.axb5 axb5 18.Rfb1 Ne8 19.Be3 Nd6 20.Ra7 Rb7 21.Ra6 f6 22.Qe1 Nb6 23.Bc5 Bd7
24.Rba1 Nbc8 25.Qc1 Nf7 26.Bxe7 Nxe7 27.Qe3 Rc8 28.R1a5 Be8 29.g3 Qd7 30.Nd2 Rcc7
31.Bd1 Nc8 32.Ra1 Ra7 33.R1a5 Rxa6 34.Rxa6 Nfd6 35.f4 Ra7 36.Rxa7 Qxa7 37.Qxa7 Nxa7
38.Kf2 Bd7 39.Ke3 Nac8 40.h4 Kf8 41.Nf3 Nf7 42.Nh2 Nh6 43.g4 Nf7 44.g5 Nb6
45.gxf6 gxf6 46.Bg4 exf4+ 47.Kxf4 Na4 48.Na2 Be8 49.Nf3 Nb2 50.Bh5 Nd6 51.Bxe8 Kxe8
52.Nd4 Nd3+ 53.Ke3 Kd7 54.Nc3 Nxb4 55.Ndxb5 Nxb5 56.Nxb5 f5 57.Nc3 fxe4 58.Kxe4 Kd6
59.Kd4 Nc2+ 60.Kxc4 Ne3+ 61.Kd4  1/2-1/2

[Event "Foxwoods Open"]
[Site "Ledyards USA"]
[Date "2006.04.14"]
[Round "5"]
[White "Gurevich,D"]
[Black "Shabalov,A"]
[Result "0-1"]
[WhiteElo "2503"]
[BlackElo "2605"]

1.d4 d5 2.c4 c6 3.Nf3 Nf6 4.Nc3 e6 5.e3 Nbd7 6.Qc2 Bd6 7.b3 O-O 8.Be2 Re8
9.O-O dxc4 10.bxc4 e5 11.Rd1 Qe7 12.Bb2 e4 13.Nd2 Nf8 14.Nf1 h5 15.a4 Ng4
16.c5 Bc7 17.d5 Be5 18.d6 Qh4 19.g3 Qd8 20.Nxe4 Bxb2 21.Qxb2 Rxe4 22.f3 Rxe3
23.fxg4 Rxe2 24.Qxe2 Bxg4 25.Qb2 Bxd1 26.Rxd1 Qg5 27.Qxb7 Qxc5+ 28.Kg2 Rd8
29.Qa6 Nd7 30.Qd3 Nb6 31.Ne3 a6 32.Qd4 Qxd4 33.Rxd4 c5 34.Rd1 Nxa4 35.Nd5 Kf8
36.Ne7 Nc3 37.Nc6 Nxd1 38.Nxd8 Ke8 39.Nc6 Kd7 40.Ne5+ Kxd6 41.Nxf7+  0-1

[Event "7th ch-Euro w"]
[Site "Kusadasi TUR"]
[Date "2006.04.15"]
[Round "11"]
[White "Ushenina,A"]
[Black "Shadrina,T"]
[Result "1-0"]
[WhiteElo "2398"]
[BlackElo "2377"]

1.d4 d5 2.c4 c6 3.Nf3 Nf6 4.Nc3 e6 5.e3 Nbd7 6.Qc2 Bd6 7.b3 b6 8.Bd3 Bb7
9.O-O Rc8 10.Qe2 O-O 11.Bb2 Re8 12.cxd5 exd5 13.a4 c5 14.Ba6 Bxa6 15.Qxa6 Bb8
16.Rac1 Re6 17.Nb5 Ne4 18.Nxa7 Bxa7 19.Qxa7 Ra8 20.Qb7 Ndf6 21.a5 Rxa5 22.Ne5 Nd6
23.Qc6 Nb5 24.Qb7 Re7 25.Nc6 Rxb7 26.Nxd8 Rc7 27.dxc5 Ra8 28.Be5 Rxc5 29.Nc6 Kf8
30.Bd4 Nxd4 31.Nxd4 Ne4 32.Ra1 Rb8 33.Ra7 Rc3 34.Rfa1 Nc5 35.g3 Ne6 36.Rd1 g6
37.Nxe6+ fxe6 38.Rxh7 Re8 39.Ra1 Kg8 40.Raa7 Rxb3 41.Rhg7+ Kh8 42.Rxg6 e5
43.Rd6 Rb1+ 44.Kg2 Rb2 45.Rf7 d4 46.exd4 e4 47.Kh3 b5 48.d5 b4 49.Re6 Rb8
50.d6 Kg8 51.Rfe7 Rxf2 52.Re8+ Rf8 53.d7 Kf7 54.R6e7+  1-0

[Event "7th ch-Euro w"]
[Site "Kusadasi TUR"]
[Date "2006.04.15"]
[Round "11"]
[White "Atalik,E"]
[Black "Zhukova,N"]
[Result "1/2-1/2"]
[WhiteElo "2399"]
[BlackElo "2432"]

1.d4 d5 2.c4 e6 3.Nf3 c6 4.e3 Nf6 5.Nc3 Nbd7 6.Bd3 a6 7.e4 dxc4 8.Bxc4 c5
9.e5 Ng4 10.h3 cxd4 11.hxg4 dxc3 12.O-O Qc7 13.Bb3 Nxe5 14.Nxe5 Qxe5 15.bxc3 Bd7
16.Re1 Qc7 17.Qd4 Qc5 18.Qd3 Be7 19.Be3 Qa5 20.Bd4 Qg5 21.Rad1 Bc6 22.f3 Rd8
23.Qe2 h5 24.Be3 Bc5 25.Rxd8+ Kxd8 26.gxh5 Qxe3+ 27.Qxe3 Bxe3+ 28.Rxe3 Rxh5
29.Kf2 Ke7 30.Rd3 Rh8 31.Rd4 Rd8 32.Rg4 g6 33.Ke3 a5 34.a3 e5 35.Rh4 Rd7
36.Ba4 Bxa4 37.Rxa4 b6 38.f4 exf4+ 39.Rxf4 Ke6 40.a4 Rd5 41.Rf2 f5 42.Rb2 Rd6
43.Rb5 Rc6 44.Kd4 Rd6+ 45.Ke3 Kf6 46.c4 Rc6 47.Kd4 g5 48.Ke3 g4 49.Kd4 Kg5
50.g3 Kf6 51.Rd5 Re6 52.Rd8 Re4+ 53.Kd3 Re1 54.Rf8+ Kg6 55.Rg8+ Kf7 56.Rb8 Rg1
57.Rxb6 Rxg3+ 58.Ke2 Rc3 59.Rb5 Kf6 60.c5 Kg5 61.Kd2 Rc4 62.Kd3 Rc1 63.Kd2 Rc4
64.Kd3 Re4 65.c6 Re8 66.c7 Rc8 67.Rc5 Kf4 68.Ke2 Ke4 69.Kf2 f4 70.Rc4+ Ke5
71.Kg2 f3+ 72.Kf2 Kd5 73.Rxg4 Rxc7 74.Kxf3 Rc3+ 75.Ke2 Kc5 76.Kd2 Rc4 77.Rxc4+ Kxc4  1/2-1/2

[Event "17th Pobeskydi Radegast Cup"]
[Site "Frydek Mistek CZE"]
[Date "2006.04.16"]
[Round "7"]
[White "Rubal,A"]
[Black "Blecha,J"]
[Result "1-0"]
[WhiteElo "2215"]
[BlackElo "1977"]

1.d4 Nf6 2.Nf3 d5 3.c4 c6 4.Nc3 e6 5.e3 Bb4 6.Bd3 O-O 7.O-O Nbd7 8.Qc2 h6
9.Bd2 Bd6 10.h3 a6 11.e4 dxe4 12.Nxe4 Nxe4 13.Bxe4 e5 14.Bc3 exd4 15.Bxd4 Nc5
16.Bh7+ Kh8 17.Rad1 Qc7 18.Bf5 Ne6 19.Bc3 Bf4 20.Rfe1 c5 21.g3 Ng5 22.Nxg5 Bxf5
23.Qxf5 Bxg5 24.h4 Bd8 25.Rd7 Qc6 26.Rxf7 Bf6 27.Rxf8+ Rxf8 28.Re6 Qd7 29.Bxf6 gxf6
30.Qe4 Rf7 31.Kg2 Kg7 32.h5 Kf8 33.Qe3 Kg7 34.Re4 Qf5 35.Qf3 Qxf3+ 36.Kxf3 Rd7
37.Re6 Kf7 38.Rb6 Re7 39.b3 Kg7 40.a3 Kf7 41.Kg4 Re4+ 42.f4 Re7 43.Kf5 Kg7
44.Rxf6 b5 45.Rxa6 bxc4 46.bxc4 Re3 47.g4 Rc3 48.Ra7+ Kg8 49.Kg6 Kf8 50.Kxh6 Rxc4
51.g5 Rxf4 52.g6  1-0

[Event "17th Pobeskydi Radegast Cup"]
[Site "Frydek Mistek CZE"]
[Date "2006.04.17"]
[Round "9"]
[White "Belunek,V"]
[Black "Pecha,T"]
[Result "1-0"]
[WhiteElo "2262"]
[BlackElo "1939"]

1.d4 d5 2.c4 e6 3.Nc3 c6 4.e3 Nf6 5.Nf3 Nbd7 6.Qc2 Bd6 7.g4 Nxg4 8.Rg1 f5
9.h3 Ngf6 10.Rxg7 Kf8 11.Rg2 Ne4 12.Bd2 Rg8 13.cxd5 exd5 14.O-O-O Ndf6 15.Be1 Qe7
16.Nd2 Nxd2 17.Qxd2 Ne4 18.Qd3 Rxg2 19.Bxg2 Kg8 20.f3 Nxc3 21.Bxc3 Bd7 22.e4 fxe4
23.fxe4 dxe4 24.Bxe4 Bf4+ 25.Kb1 Re8 26.Qc4+ Be6 27.d5 cxd5 28.Bxd5 Bxd5
29.Rg1+  1-0

[Event "Spring NAm GMB"]
[Site "Schaumburg USA"]
[Date "2006.04.18"]
[Round "1"]
[White "Scekic,M"]
[Black "Georgiev,Vl"]
[Result "1-0"]
[WhiteElo "2391"]
[BlackElo "2535"]

1.d4 Nf6 2.c4 e6 3.Nf3 d5 4.Nc3 c6 5.e3 a6 6.Qc2 c5 7.cxd5 exd5 8.Be2 Nc6
9.dxc5 Bxc5 10.O-O O-O 11.Rd1 Nb4 12.Qb3 Bf5 13.Ne1 Be6 14.a3 Nc6 15.Bf3 Ne5
16.Bxd5 Nxd5 17.Nxd5 Qh4 18.Qc2 Rac8 19.Nc3 Bb6 20.f3 Nc4 21.Qf2 Qxf2+ 22.Kxf2 Rfe8
23.Nc2 Na5 24.Nd4 Bxd4 25.exd4 Nb3 26.Rb1 Bf5 27.Ne4 Rc2+ 28.Kg3 Bxe4 29.fxe4 Rxe4
30.d5 Kf8 31.Kf3 Ree2 32.Be3 Ke8 33.Rd3 Na5 34.b3 b5 35.g3 Kd7 36.h4 h5 37.a4 f6
38.axb5 axb5 39.Rbd1 Nb7 40.Ra1 Ra2 41.Rc1 Rec2 42.Rc3 Rxc1 43.Bxc1 Kd6 44.Rc6+ Kxd5
45.Rb6 Nc5 46.Be3 g5 47.Rxb5 Rc2 48.b4  1-0

[Event "XIII TCh-RUS"]
[Site "Sochi RUS"]
[Date "2006.04.20"]
[Round "1"]
[White "Korotylev,A"]
[Black "Kharitonov,Alexandr"]
[Result "1-0"]
[WhiteElo "2618"]
[BlackElo "2523"]

1.d4 d5 2.c4 c6 3.Nc3 Nf6 4.e3 e6 5.Nf3 Nbd7 6.Bd3 dxc4 7.Bxc4 b5 8.Bd3 Bd6
9.O-O O-O 10.a3 a6 11.Ne4 Nxe4 12.Bxe4 Bb7 13.b4 a5 14.Rb1 axb4 15.axb4 Qe7
16.Bd2 Nb6 17.Bd3 Nc4 18.Bc3 Ra3 19.Qc2 Rfa8 20.Bxh7+ Kf8 21.Bd3 Ra2 22.Qd1 R8a3
23.Rc1 Nb2 24.Bxb2 Rxb2 25.Be4 Ra6 26.Ne5 Bxe5 27.dxe5 Rxb4 28.Qh5 Ke8 29.Rfd1 Ra8
30.Bxc6+ Bxc6 31.Rxc6 Rba4 32.h3 Ra1 33.Rxa1 Rxa1+ 34.Kh2 Ra8 35.Rb6 g6 36.Qf3 Rc8
37.Rb7 Rc7 38.Rb8+ Kd7 39.Rxb5 Kd8 40.Rb8+ Rc8 41.Rxc8+ Kxc8 42.Qa8+  1-0

[Event "Spring NAm GMB"]
[Site "Schaumburg USA"]
[Date "2006.04.21"]
[Round "8"]
[White "Almeida Saenz,A"]
[Black "Georgiev,Vl"]
[Result "0-1"]
[WhiteElo "2400"]
[BlackElo "2535"]

1.d4 d5 2.c4 c6 3.Nc3 Nf6 4.Nf3 e6 5.e3 a6 6.b3 Bb4 7.Bd2 Nbd7 8.Bd3 O-O
9.O-O Qe7 10.Qc2 h6 11.e4 dxc4 12.bxc4 e5 13.d5 Bd6 14.h3 Nc5 15.Rfe1 Bd7
16.Bf1 Rac8 17.Qb2 cxd5 18.Nxd5 Nxd5 19.cxd5 b5 20.Bb4 Qf6 21.Rac1 Na4 22.Qa3 Bxb4
23.Qxb4 Bxh3 24.Rxc8 Rxc8 25.Nxe5 Qxe5 26.gxh3 Rc2 27.Qb3 Rc3 28.Qd1 Nb2
29.Qg4 g6 30.Qh4 Kg7 31.Qd8 Nc4 32.Rd1 Nd6 33.Bg2 Ra3 34.Rc1 Rxa2 35.Qb6 a5
36.Rd1 b4 37.Qe3 g5 38.h4 a4 39.hxg5 hxg5 40.Rf1 Ra1 41.Rxa1 Qxa1+ 42.Bf1 Qe5
43.f3 b3 44.Kf2 b2 45.Bd3 a3 46.Bb1 Nc4 47.Qd3 Qh2+ 48.Ke1 Qg1+ 49.Ke2 Ne5
50.Qc3 Qg2+ 51.Ke1 f6 52.Qb4 Qg1+ 53.Ke2 Qxb1 54.Qe7+ Nf7  0-1

[Event "Classics GMB"]
[Site "Gausdal NOR"]
[Date "2006.04.23"]
[Round "1"]
[White "Hanssen,G"]
[Black "Levin,F"]
[Result "0-1"]
[WhiteElo "2254"]
[BlackElo "2487"]

1.d4 Nf6 2.c4 e6 3.Nf3 d5 4.Nc3 c6 5.e3 Nbd7 6.Bd3 dxc4 7.Bxc4 b5 8.Bd3 Bd6
9.O-O O-O 10.e4 e5 11.Bg5 exd4 12.Nxd4 Ne5 13.Be2 Bc5 14.Nb3 Bb6 15.Qxd8 Rxd8
16.a4 Be6 17.a5 Bxf2+ 18.Rxf2 Bxb3 19.Bxf6 gxf6 20.Bd1 Be6 21.Rxf6 Rd2 22.Rf2 Rxf2
23.Kxf2 Nd3+ 24.Ke3 Nxb2  0-1

[Event "TCh-HUN 2005-6"]
[Site "Hungary HUN"]
[Date "2006.04.23"]
[Round "11"]
[White "Bagonyai,A"]
[Black "Pavel,M"]
[Result "1/2-1/2"]
[WhiteElo "2362"]
[BlackElo "2181"]

1.d4 d5 2.c4 c6 3.Nf3 Nf6 4.Nc3 e6 5.e3 Nbd7 6.Bd3 dxc4 7.Bxc4 b5 8.Be2 Bb7
9.a3 a6 10.b4 a5 11.Rb1 axb4 12.axb4 Bd6 13.e4 e5 14.dxe5 Nxe5 15.Nd4 Bc7
16.O-O O-O 17.Be3 Bc8 18.h3 Re8 19.Qc2 Ng6 20.Rbd1 Qd6 21.f4 Bb6 22.Kh1 Qc7
23.e5 Nd7 24.Bf3 Rb8 25.Ne4 Ndf8 26.Nd6 Rd8 27.Qxc6 Bd7 28.Qxc7 Bxc7 29.Nc6 Bxc6
30.Bxc6 Ne7 31.Be4 Nc8 32.Nf5 Ne6 33.Rxd8+ Bxd8 34.Rd1 g6 35.Nd6 Nb6 36.Rc1 Be7
37.Bxb6 Bxd6 38.Ba5 Be7 39.g3 Nd4 40.Rd1 Ne2 41.Rd3 Nc1 42.Rd7 Kf8 43.Bc6 Na2
44.Bc7 Rc8 45.Bxb5 Nxb4 46.Bd6 Nd5 47.Kg2 Bxd6 48.exd6 Nf6 49.Rc7 Rd8 50.Bc4 Rxd6
51.Rxf7+ Ke8 52.Rb7 Kf8 53.Kf3 Rd7 54.Rb8+ Kg7 55.g4 h5 56.g5 Nd5 57.f5 gxf5
58.Bxd5 Rxd5 59.Kf4 Rd3 60.Rb7+ Kg6 61.Rb6+ Kg7 62.Kxf5 Rf3+  1/2-1/2

[Event "TCh-HUN 2005-6"]
[Site "Hungary HUN"]
[Date "2006.04.23"]
[Round "11"]
[White "Banusz,T"]
[Black "Nemeth,Zo"]
[Result "1/2-1/2"]
[WhiteElo "2460"]
[BlackElo "2340"]

1.d4 d5 2.c4 c6 3.Nf3 e6 4.Nc3 Nf6 5.e3 Nbd7 6.Bd3 a6 7.e4 dxc4 8.Bxc4 Nb6
9.Bd3 c5 10.dxc5 Bxc5 11.O-O h6 12.Qe2 Bd7 13.a3 Na4 14.Nxa4 Bxa4 15.Bf4 Nd7
16.Rac1 Qb6 17.b4 Bd6 18.e5 Be7 19.Nd2 Qd4 20.Qe4 Qxe4 21.Bxe4 a5 22.Bxb7 Rb8
23.Bc6 Bxc6 24.Rxc6 axb4 25.axb4 Rxb4 26.Rc8+ Bd8 27.Rc4 Rxc4 28.Nxc4 O-O
29.Rd1 Nb6 30.Nxb6  1/2-1/2

[Event "TCh-HUN 2005-6"]
[Site "Hungary HUN"]
[Date "2006.04.23"]
[Round "11"]
[White "Berkes,F"]
[Black "Pinter,J"]
[Result "1/2-1/2"]
[WhiteElo "2593"]
[BlackElo "2532"]

1.d4 d5 2.c4 e6 3.Nc3 c6 4.e3 Nf6 5.Nf3 Nbd7 6.Bd3 dxc4 7.Bxc4 b5 8.Bd3 Bd6
9.O-O O-O 10.b3 Bb7 11.Bb2 Qb8 12.Rc1 Rc8 13.Ne4 Nxe4 14.Bxe4 h6 15.Bb1 Rd8
16.h3 a5 17.Qc2 Nf8 18.Nd2 b4 19.Ne4 Ba6 20.Rfd1 Bb5 21.Nc5 Qa7 22.Ba1 Be7
23.Qb2 Rac8 24.Be4 Nd7 25.Nxd7 Qxd7 26.Bb1 Bf6 27.Qc2 g6 28.Bb2 Qe7  1/2-1/2

[Event "VII TCh-RUS w"]
[Site "Sochi RUS"]
[Date "2006.04.23"]
[Round "4"]
[White "Lupik,M"]
[Black "Kochetkova,J"]
[Result "0-1"]
[WhiteElo "2204"]
[BlackElo "2366"]

1.d4 d5 2.c4 e6 3.Nc3 Nf6 4.Nf3 c6 5.e3 Nbd7 6.Qc2 Bd6 7.Be2 O-O 8.O-O Qe7
9.Rd1 b6 10.e4 dxe4 11.Nxe4 Nxe4 12.Qxe4 Bb7 13.Bg5 Nf6 14.Bxf6 Qxf6 15.Ne5 Rac8
16.Bd3 Qh6 17.Re1 f5 18.Qe2 c5 19.dxc5 Rxc5 20.Nf3 Bxf3 21.Qxe6+ Qxe6 22.Rxe6 Be5
23.gxf3 Kf7 24.Rxe5 Rxe5 25.f4 Re7 26.Bxf5 g6 27.Bg4 Kg7 28.f5 h5 29.Bh3 g5
30.Rd1 g4 31.Bf1 Rxf5 32.Kg2 Ref7 33.Rd2 Rf3 34.Kg1 h4 35.Bg2 R3f4 36.Bd5 Rd7
37.b3 h3 38.Rd3 Re7 39.Kf1 Re5 40.b4 b5 41.cxb5 Rxb4 42.Bb3 Rbe4 43.Rd1 Rxb5
44.Rd7+ Kf6 45.Rf7+ Kg5 46.Bc2 Rc4 47.Bd3 Rc1+ 48.Ke2 Rb2+ 49.Ke3 Re1+ 50.Kd4 Rxa2
51.Rg7+ Kf6 52.Rg6+ Kf7 53.Rxg4 Rxf2 54.Rh4 Rxh2 55.Bf5 Reh1 56.Be4 Ra1 57.Ke5 a5
58.Rh7+ Kg8 59.Bf5 Rc1 60.Rh4 Re2+ 61.Kf6 Rc6+ 62.Kg5 Rg2+ 63.Kf4 Rc4+ 64.Be4 Re2  0-1

[Event "XIII TCh-RUS"]
[Site "Sochi RUS"]
[Date "2006.04.23"]
[Round "4"]
[White "Aleksandrov,A"]
[Black "Sveshnikov,E"]
[Result "1-0"]
[WhiteElo "2634"]
[BlackElo "2524"]

1.d4 d5 2.c4 c6 3.Nc3 Nf6 4.e3 e6 5.Nf3 Nbd7 6.Qc2 Bd6 7.g4 O-O 8.g5 Ne4
9.Nxe4 dxe4 10.Qxe4 e5 11.c5 Bc7 12.Bd2 f5 13.gxf6 Nxf6 14.Bc4+ Kh8 15.Qh4 exd4
16.Nxd4 Qe7 17.Rg1 Qxc5 18.Bd3 Qh5 19.Qxh5 Nxh5 20.Rg5 Nf6 21.Ke2 h6 22.Rg6 c5
23.Nb5 Be5 24.Rag1 c4 25.Bc2 Nd5 26.f4 Bxb2 27.Nd6 Ne7 28.Nxc4 Nxg6 29.Nxb2 Ne7
30.Bc3 Rg8 31.Bb3 Bf5 32.Bxg8 Rxg8 33.Nc4 Nd5 34.Be5 Nf6 35.Nd6 Be6 36.e4 b5
37.Kf3 Rd8 38.a3 Ng4 39.Rxg4 Bxg4+ 40.Kxg4 Kg8 41.Nxb5 Rd3 42.Nxa7 Rxa3 43.Nb5 Re3
44.Nd6 g6 45.Bf6 Kh7 46.e5 Rd3 47.Nf7 Re3 48.Nd8 Kg8 49.e6 Kf8 50.h4 Ke8
51.h5 gxh5+ 52.Kxh5 Re4 53.f5 Rf4 54.Kg6 h5 55.Nf7  1-0

[Event "XIII TCh-RUS"]
[Site "Sochi RUS"]
[Date "2006.04.24"]
[Round "5"]
[White "Iskusnyh,S"]
[Black "Potkin,V"]
[Result "0-1"]
[WhiteElo "2510"]
[BlackElo "2547"]

1.d4 d5 2.c4 c6 3.Nc3 Nf6 4.e3 e6 5.Nf3 a6 6.Qc2 c5 7.cxd5 exd5 8.Be2 cxd4
9.Nxd4 Bd6 10.O-O O-O 11.Rd1 Nc6 12.Nxc6 bxc6 13.b3 Re8 14.Bb2 Ng4 15.Bxg4 Bxg4
16.Rd4 Qg5 17.Ne2 c5 18.Rd2 Rad8 19.Ng3 h5 20.h4 Qxh4 21.Rxd5 Bxg3 22.fxg3 Qxg3
23.Qxc5 Rc8 24.Qd6 Qxe3+ 25.Kh1 Rc2 26.Re5 Rxe5 27.Qxe5 Qxe5 28.Bxe5 f6 29.Bd4 Be6
30.Kg1 Kf7 31.Be3 h4 32.b4 Bxa2 33.Rd1 Be6 34.Rd2 Rc3 35.Kf2 g5 36.Rd6 Ra3
37.Bd4 Ra2+ 38.Kg1 g4 39.Bc3 Rc2 40.Bd2 g3 41.Kf1 Bc4+ 42.Ke1 Ra2 43.Bc3 Re2+
44.Kd1 Rxg2 45.Rxf6+ Ke8 46.Rh6 Rh2 47.Bd4 h3 48.Ke1 Rh1+  0-1

[Event "XIII TCh-RUS"]
[Site "Sochi RUS"]
[Date "2006.04.24"]
[Round "5"]
[White "Khismatullin,D"]
[Black "Kornev,Alexei"]
[Result "0-1"]
[WhiteElo "2584"]
[BlackElo "2575"]

1.d4 d5 2.c4 c6 3.Nc3 Nf6 4.e3 e6 5.Nf3 Nbd7 6.b3 Bb4 7.Bd2 O-O 8.Bd3 Qe7
9.O-O Re8 10.Qe1 a5 11.Ne5 Nxe5 12.dxe5 Nd7 13.f4 Nc5 14.Bc2 b6 15.Ne2 Bxd2
16.Qxd2 Ba6 17.Rac1 h6 18.Bb1 Nd7 19.Nd4 Rac8 20.Qc2 Nf8 21.Rfd1 Red8 22.c5 a4
23.b4 Bc4 24.Qxa4 bxc5 25.Nxc6 Qe8 26.Rxc4 dxc4 27.Rxd8 Rxd8 28.b5 Rd2 29.Bc2 c3
30.Qb3 Ng6 31.Qxc3 Qd7 32.Nd4 Rxc2 33.Nxc2 Qxb5 34.Kf2 Ne7 35.Na3 Qc6 36.Qc4 Nf5
37.Nb5 Qxg2+ 38.Kxg2 Nxe3+ 39.Kf3 Nxc4 40.Nd6 Nb6 41.Ne4 c4 42.Nc3 f5 43.exf6 gxf6
44.a4 Kf7 45.a5 Nc8 46.Ke4 Na7 47.a6 Nc6 48.Nb5 Kg6 49.Ke3 e5 50.fxe5 fxe5
51.Kd2 Kg5 52.Nd6 Kg4 53.Nf7 Kf4 54.Nxh6 e4 55.h3 e3+ 56.Kd1 c3 57.Ng4 Nd4  0-1

[Event "XIII TCh-RUS"]
[Site "Sochi RUS"]
[Date "2006.04.25"]
[Round "6"]
[White "Volkov,S1"]
[Black "Tregubov,P"]
[Result "1-0"]
[WhiteElo "2620"]
[BlackElo "2563"]

1.d4 d5 2.c4 c6 3.Nc3 Nf6 4.e3 e6 5.Nf3 a6 6.b3 Bb4 7.Bd2 O-O 8.Bd3 dxc4
9.bxc4 c5 10.Ne4 Bxd2+ 11.Qxd2 Nxe4 12.Bxe4 Nd7 13.O-O Nf6 14.Bd3 cxd4 15.exd4 Bd7
16.a4 Bc6 17.Ne5 a5 18.Bc2 Nd7 19.f4 Nxe5 20.fxe5 Qe7 21.Qd3 g6 22.Rf6 Rad8
23.h4 Qd7 24.Rd1 Bxa4 25.Bxa4 Qxa4 26.h5 Qd7 27.d5 exd5 28.hxg6 hxg6 29.e6 Qe7
30.exf7+ Rxf7 31.Rxg6+ Rg7 32.Rxg7+ Qxg7 33.cxd5 Rd6 34.Qe4 Qf7 35.Rd3 Kf8
36.Rh3 Qg6 37.Qe5 Rf6 38.Qb8+ Kf7 39.Qc7+  1-0

[Event "XIII TCh-RUS 1st League"]
[Site "Sochi RUS"]
[Date "2006.04.25"]
[Round "6"]
[White "Lushenkov,M"]
[Black "Ovetchkin,R"]
[Result "1/2-1/2"]
[WhiteElo "2368"]
[BlackElo "2548"]

1.Nf3 d5 2.d4 Nf6 3.c4 c6 4.Nc3 e6 5.e3 a6 6.Bd3 dxc4 7.Bxc4 b5 8.Bd3 c5
9.dxc5 Bxc5 10.Qe2 Nbd7 11.O-O Bb7 12.e4 Qb8 13.Bg5 O-O 14.Rac1 Rc8 15.Nd2 Ne5
16.Bxf6 gxf6 17.Bb1 Ba7 18.a3 Qd6 19.Kh1 Ng6 20.Nb3 b4 21.Rcd1 Qe7 22.axb4 Qxb4
23.Nc1 Bd4 24.N1a2 Qc4 25.Qg4 Bxc3 26.Nxc3 f5 27.Qf3 Rd8 28.Qe3 f4 29.Qb6 Rxd1
30.Rxd1 Qc6 31.Rd6 Qc8 32.Qd4 e5 33.Qd2 f3 34.Qg5 Qc5 35.Rd2 fxg2+ 36.Kxg2 Kg7
37.Ba2 h6 38.Qg4 Bc8 39.Qg3 Ra7 40.Kg1 Be6 41.Bxe6  1/2-1/2

[Event "XIII TCh-RUS"]
[Site "Sochi RUS"]
[Date "2006.04.25"]
[Round "6"]
[White "Kharitonov,Alexandr"]
[Black "Korneev,O"]
[Result "1/2-1/2"]
[WhiteElo "2523"]
[BlackElo "2671"]

1.d4 d5 2.c4 c6 3.Nc3 Nf6 4.e3 e6 5.Nf3 Nbd7 6.Qc2 a6 7.b3 Bd6 8.Bb2 O-O
9.Bd3 Re8 10.O-O e5 11.cxd5 cxd5 12.e4 Qc7 13.Rfe1 dxe4 14.Nxe4 Qxc2 15.Bxc2 Nxe4
16.Bxe4 Bb4 17.Re2 Nf6 18.dxe5 Nxe4 19.Rxe4 Bf8 20.Rc1 Be6 21.Ree1 Rac8 22.Nd4 Bb4
23.Red1 Rxc1 24.Rxc1 Bd5 25.Nf5 Be6 26.Nd4 Bd5 27.Ne2 Be7 28.Ng3 Bc6 29.Nf5 Bf8
30.Rd1 Be4 31.Ne3 Bc6 32.f4 f6 33.Kf2 Bc5 34.g3 g5 35.Ke2 gxf4 36.gxf4 Kf7
37.Nf5 fxe5 38.Bxe5 Bb5+ 39.Kf3 Bc6+ 40.Ke2 Bb5+ 41.Ke1 Bb4+ 42.Kf2 Bc5+
43.Ke1 Bb4+ 44.Kf2 Bc5+ 45.Ke1  1/2-1/2

[Event "XIII TCh-RUS"]
[Site "Sochi RUS"]
[Date "2006.04.26"]
[Round "7"]
[White "Kharitonov,Alexandr"]
[Black "Korneev,O"]
[Result "1/2-1/2"]
[WhiteElo "2523"]
[BlackElo "2671"]

1.d4 d5 2.c4 c6 3.Nc3 Nf6 4.e3 e6 5.Nf3 Nbd7 6.Qc2 Bd6 7.Be2 O-O 8.O-O dxc4
9.Bxc4 b5 10.Bd3 Bb7 11.a3 Re8 12.Bd2 Rc8 13.b4 e5 14.Ne4 Nxe4 15.Bxe4 g6  1/2-1/2

[Event "XIII TCh-RUS"]
[Site "Sochi RUS"]
[Date "2006.04.26"]
[Round "7"]
[White "Iljin,A"]
[Black "Grigoriants,S RUS"]
[Result "1/2-1/2"]
[WhiteElo "2505"]
[BlackElo "2568"]

1.d4 Nf6 2.c4 e6 3.Nf3 d5 4.Nc3 c6 5.e3 a6 6.c5 Nbd7 7.b4 Qc7 8.Bb2 g6 9.Bd3 Bg7
10.O-O O-O 11.Qd2 e5 12.Nxe5 Nxe5 13.dxe5 Qxe5 14.Ne2  1/2-1/2

[Event "Classics GMB"]
[Site "Gausdal NOR"]
[Date "2006.04.27"]
[Round "5"]
[White "Akesson,R"]
[Black "Thompson,I"]
[Result "1-0"]
[WhiteElo "2472"]
[BlackElo "2303"]

1.d4 d5 2.c4 e6 3.Nc3 c6 4.e3 Nf6 5.Nf3 Nbd7 6.Bd3 dxc4 7.Bxc4 b5 8.Bd3 Bd6
9.Ng5 Bb7 10.Qf3 Qc7 11.Bd2 a6 12.Nce4 Be7 13.Rc1 c5 14.Nxf6+ Nxf6 15.Be4 Bxe4
16.Nxe4 Nxe4 17.Qxe4 Rd8 18.dxc5 Bxc5 19.Bc3 Qd6 20.O-O O-O 21.Qg4 e5 22.Rfd1 Qe7
23.Qf5 Rxd1+ 24.Rxd1 Rd8 25.Rxd8+ Qxd8 26.h3 g6 27.Qe4 f6 28.g4 Be7 29.g5 Qd6
30.gxf6 Bxf6 31.Kg2 Kg7 32.a3 Qe6 33.f4 Kh6 34.fxe5 Bg5 35.Qf3 a5 36.Qf8+ Kh5
37.Qf3+ Kh6 38.Qf8+ Kh5 39.Qd6 Qc4 40.Qd1+ Kh6 41.Qf1 Qe4+ 42.Qf3 Qc2+ 43.Kg3 Qc1
44.Qf8+ Kh5 45.Qf3+ Kh6 46.h4 Bxe3 47.e6 Bc5 48.Kh3 Be7 49.Bd4 g5 50.hxg5+ Bxg5
51.Qf8+  1-0

[Event "XIII TCh-RUS 1st League"]
[Site "Sochi RUS"]
[Date "2006.04.27"]
[Round "8"]
[White "Sergienko,S"]
[Black "Kolesnikov,E"]
[Result "1/2-1/2"]
[WhiteElo "2456"]
[BlackElo "2381"]

1.d4 d5 2.c4 e6 3.Nc3 c6 4.e3 Nf6 5.Nf3 Nbd7 6.Qc2 Bd6 7.Be2 O-O 8.O-O dxc4
9.Bxc4 b5 10.Be2 Bb7 11.e4 e5 12.dxe5 Nxe5 13.Bg5 Nxf3+ 14.Bxf3 Be5 15.Rad1 Qe7
16.Rfe1 Rfe8 17.Be3 a6 18.h3 h6 19.a4 Rad8 20.Rxd8 Rxd8 21.Rd1 Rxd1+ 22.Nxd1 Qb4
23.Bd2 Qd6 24.Be3 Nd7 25.Be2 Nf8 26.Qd2 Qxd2 27.Bxd2 Ne6 28.axb5 axb5 29.Bc3 f6
30.Bxe5 fxe5 31.Ne3 Nd4 32.Bh5 Kf8 33.Kf1 Ke7 34.Ke1 c5 35.f3 Kd6 36.Kd2 c4
37.Bg6 Bc8 38.Bf5 Bxf5 39.exf5 Kc5 40.f6 gxf6 41.Ng4 Nf5 42.Nxf6 Kd4 43.Ke2 b4
44.Ne4 Ne3 45.g3 Nd5 46.Kd2 c3+ 47.bxc3+ Nxc3 48.Nd6 e4 49.Nf5+ Ke5 50.Nh4 Nd5
51.fxe4 Kxe4 52.Kc2 h5 53.Kb3 Ne3  1/2-1/2

[Event "XIII TCh-RUS 1st League"]
[Site "Sochi RUS"]
[Date "2006.04.27"]
[Round "8"]
[White "Gutov,A"]
[Black "Dobrov,V"]
[Result "1/2-1/2"]
[WhiteElo "2417"]
[BlackElo "2510"]

1.d4 d5 2.c4 c6 3.Nc3 Nf6 4.e3 e6 5.Nf3 Nbd7 6.Bd3 dxc4 7.Bxc4 b5 8.Bd3 b4
9.Ne4 Nxe4 10.Bxe4 Bb7 11.Qa4 Qb6  1/2-1/2

[Event "8th Dubai Open"]
[Site "Dubai UAE"]
[Date "2006.04.28"]
[Round "6"]
[White "Gagunashvili,M"]
[Black "Izoria,Z"]
[Result "1/2-1/2"]
[WhiteElo "2560"]
[BlackElo "2647"]

1.d4 d5 2.Nf3 Nf6 3.c4 e6 4.Nc3 c6 5.e3 Nbd7 6.Qc2 Bd6 7.b3 O-O 8.Be2 b6
9.O-O Bb7 10.Bb2 Re8 11.e4 Nxe4 12.Nxe4 dxe4 13.Qxe4 Nf6 14.Qh4 c5 15.Rad1 Qe7
16.dxc5  1/2-1/2

[Event "2nd Halkidiki Open"]
[Site "Kalithea GRE"]
[Date "2006.04.28"]
[Round "5"]
[White "Petritaj,F"]
[Black "Tsekouras,T"]
[Result "1/2-1/2"]
[WhiteElo "2141"]
[BlackElo "2248"]

1.d4 d5 2.c4 e6 3.Nc3 c6 4.e3 Nf6 5.Nf3 Nbd7 6.Bd3 dxc4 7.Bxc4 b5 8.Bd3 Bb7
9.O-O a6 10.e4 c5 11.e5 cxd4 12.exf6 dxc3 13.fxg7 Bxg7 14.Bg5 cxb2 15.Rb1 Qc7
16.Re1 Rc8 17.Qe2 Nc5 18.Bc2 Na4 19.Bb3 O-O 20.Bxa4 bxa4 21.Rxb2 Bxf3 22.gxf3 Bxb2
23.Qxb2 Qc3 24.Qb1 f6 25.Bh4 Rc4 26.Bg3 e5 27.Kg2 Rb4 28.Qd1 Rd4 29.Qb1 Rc8
30.Re3 Qc2 31.Qb7 Qc6 32.Qe7 Rc7 33.Qa3 Qc5 34.Qb2 Qb5 35.Qa1 Rdc4 36.Re1 Qc6
37.Qb1 Rc2 38.Qb8+ Rc8 39.Qb4 Rc4 40.Qe7 Re8 41.Qa3 Rc3 42.Qb4 Qxf3+ 43.Kh3 Qc6
44.Re4 Kh8 45.Rh4 f5 46.f4 Rg8 47.Qb1 Rc2 48.Qf1 Qe6 49.Qe1 Rxa2 50.Qxe5+ Qxe5
51.fxe5 Re8 52.Rh6 Ra3 53.Kh4 a5 54.Ra6 Rxg3 55.hxg3 Rxe5 56.Kg5 Re8 57.Rxa5 Rg8+
58.Kxf5 Rxg3 59.Rxa4 Rg8 60.Rg4 Rf8+ 61.Kg5 Ra8 62.Kh5 Ra6 63.Rg1 Rf6 64.Rg2  1/2-1/2

[Event "RC SPORT Open"]
[Site "Usti nad Orlici CZE"]
[Date "2006.04.29"]
[Round "1"]
[White "Jedlicka,A"]
[Black "Vavrousek,P"]
[Result "1-0"]
[WhiteElo "2275"]
[BlackElo "1909"]

1.d4 d5 2.c4 c6 3.Nf3 Nf6 4.Nc3 e6 5.e3 Nbd7 6.Bd3 dxc4 7.Bxc4 b5 8.Bd3 Bb7
9.O-O a6 10.e4 c5 11.d5 c4 12.Bc2 Be7 13.dxe6 fxe6 14.Nd4 Nc5 15.e5 Nd5 16.Qg4 Qd7
17.Rd1 Nxc3 18.bxc3 O-O-O 19.Be3 Bd5 20.a4 h5 21.Qg6 bxa4 22.Nf5 Qe8 23.Qxe8 Rdxe8
24.Nxe7+  1-0

[Event "XIII TCh-RUS"]
[Site "Sochi RUS"]
[Date "2006.04.30"]
[Round "11"]
[White "Tkachiev,V"]
[Black "Iskusnyh,S"]
[Result "1-0"]
[WhiteElo "2643"]
[BlackElo "2510"]

1.d4 d5 2.c4 c6 3.Nc3 Nf6 4.e3 e6 5.Nf3 a6 6.c5 Nbd7 7.b4 g6 8.Bd3 Bg7 9.O-O O-O
10.Na4 Rb8 11.h3 Qc7 12.Bb2 Nh5 13.e4 dxe4 14.Bxe4 a5 15.bxa5 Qxa5 16.Bc3 Qc7
17.Re1 Ra8 18.Qb3 Nhf6 19.Nb6 Nxb6 20.cxb6 Qd8 21.Nd2 Nd5 22.Bxd5 exd5 23.a4 Bf5
24.a5 h5 25.Qb2 Qf6 26.Nb3 Rab8 27.Nc5 g5 28.Nxb7 Rxb7 29.a6 Rbb8 30.a7 c5
31.b7  1-0